| 000 | 01180nam a22003377a 4500 | ||
|---|---|---|---|
| 001 | 0008722 | ||
| 003 | KOHA_MİRAKIL | ||
| 005 | 20260207001646.0 | ||
| 007 | ta | ||
| 008 | 091013b1999 tu |||gr||||#||||0|tur | | ||
| 020 | _a9754370303 | ||
| 040 |
_aTR-BiSEU _btur _cTR-BiSEU _erda |
||
| 041 | 0 | _atur | |
| 044 | _ctu | ||
| 050 |
_aJC311 _b.S24 1999 |
||
| 100 | 1 | _aSafa, Peyami . | |
| 245 | 1 |
_aObjectif 3 : _bsosyalizm, marksizm, komünizm/ _cPeyami Safa ; Peyami Safa. |
|
| 264 | 1 |
_aİstanbul : _bÖtüken _c1999 |
|
| 300 | _a c. | ||
| 336 |
_ametin _btxt _2rdacontent |
||
| 337 |
_aaracısız _bn _2rdamedia |
||
| 338 |
_acilt _bnc _2rdacarrier |
||
| 490 | 1 |
_aÖtüken Yayınevi yayın ; _vno. |
|
| 490 | 1 | _a37. | |
| 490 | 1 |
_aObjectif serisi ; _v3. |
|
| 505 |
_aPeyami, yazmaya devam ettiği müddetçe sosyalist eğilim ve fikirlerin en güçlü münekkidi olmuştur. Marksist teori, komünizmin genel yapısı ve ülkemizdeki komünistler hakkında isabetli tespit ve güçlü tahlillerin oluşturduğu bir hale... _x |
||
| 830 | 1 |
_aÖtüken Yayınevi yayın ; _vno. _921939 |
|
| 830 | 1 |
_a37. _92478 |
|
| 830 | 1 |
_aObjectif serisi ; _v3. _921940 |
|
| 942 |
_2lcc _cBK |
||
| 999 |
_c8694 _d8694 |
||